Movies Set in Australia - Statistics

General Stats
  • This quiz has been taken 111 times
  • The average score is 7 of 16
Answer Stats
Description Star Movie % Correct
Clownfish goes on an epic journey to locate his only son Ellen DeGeneres Finding Nemo
95%
Highway patrolman hunts down a berserk motorcycle gang in dystopian Australian wastelands Mel Gibson Mad Max
89%
Pig wins a sheep-herding competition James Cromwell Babe
78%
Australian bushman woos a sophisticated Sheila from the States Paul Hogan Crocodile Dundee
78%
While Englishmen drink tea, free-spirited Australians fight a brutal and ill-conceived battle in Turkey Mel Gibson Gallipoli
58%
English aristocrat inherits a cattle ranch in northern Australia Nicole Kidman Australia
53%
Bushranger wears armor and gets hung in 1880 Heath Ledger Ned Kelly
48%
Indian boy goes missing and is sent to an orphanage and thenadopted by an Australian couple Dev Patel Lion
35%
Legendary pianist has a breakdown later in life, driven by abuse from his father Geoffrey Rush Shine
33%
Three Aboriginal girls flee across the Outback Kenneth Branagh Rabbit Proof Fence
32%
Mother and child live with a monster in their basement Essie Davis The Babadook
22%
Working-class family fight the city hall to keep their house from infrastructural expansion Michael Caton The Castle
21%
The baby of a mother is eaten by a dingo, or is it? Meryl Streep Evil Angels
20%
Lovable canine roams the Outback looking for his original master Josh Lucas Red Dog
19%
Two people, who previously knew each other, pretend to be a couple at a wedding Sydney Sweeney Anyone but You
16%
Elegant tailor returns to her hometown to take care of her ill mother Kate Winslet The Dressmaker
15%
No matching quizzes found
Score Distribution
Percent of People with Each Score
Percentile by Number Answered
Your Score History
You have not taken this quiz